000 00640nam a2200253Ia 4500
003 OSt
005 20220912151458.0
006 a|||||r|||| 00| 0
007 ta
008 220909b |||||||| |||| 00| 0 eng d
024 _a27262
037 _cTextual
040 _aCSL
_beng
_cCSL
041 _aeng
082 _aB281, M4
100 _aMoran P A P
245 0 _aIntroduction theory with application
260 _aOxford
_bClarendon Press
_c1984
300 _a542p.
_ccm.
500 _aBibliography 505-532p
650 _aprobability
942 _hB281, M4
_cTEXL
_2CC
999 _c69464
_d69464